00321nam a2200121Ia 4500008004100000041000800041082001500049100001700064245004400081260003900125300002800164365000700192240624s9999 xx 000 0 und d aeng a657.42 DUT aDUTTA MANASH aCOST ACCOUNTING PRINCIPLES AND PRACTICE c2011aNew DelhibPearson Education axv, : 20.11p : cm. ; 24 cRS